[Event "4NCL 2011-12"]
[Site "Staverton Park ENG"]
[Date "2011.11.12"]
[Round "1.14.3"]
[White "Beaumont, Chris R"]
[Black "Ansell, Simon T"]
[Result "1/2-1/2"]
[WhiteTitle "IM"]
[BlackTitle "IM"]
[WhiteElo "2279"]
[BlackElo "2389"]
[WhiteTeam "Bristol"]
[BlackTeam "Blackthorne Russia"]
[WhiteFideId "400424"]
[BlackFideId "402141"]
[EventDate "2011.11.12"]

1. c4 e5 2. g3 d6 3. Bg2 f5 4. Nc3 Nf6 5. d3 Be7 6. e4 fxe4 7. dxe4 O-O 8. Nge2
Be6 9. b3 a5 10. O-O Na6 11. h3 Nc5 12. Be3 a4 13. Rb1 axb3 14. axb3 Qc8 15. Kh2
Qe8 16. Nd5 Bd8 17. Nec3 Bd7 18. Nxf6+ Rxf6 19. Bxc5 dxc5 20. Qd5+ Rf7 21. Qxc5
Qf8 22. Qxf8+ Kxf8 23. h4 c6 24. Bh3 Bxh3 25. Kxh3 Bb6 26. f4 Ke7 27. f5 Rff8
28. Kg4 Ra3 29. Rfd1 Rfa8 30. Kf3 Bd4 31. Ne2 Bc5 32. Rd3 Ra1 33. Rbd1 Rxd1 34.
Rxd1 Ra2 35. g4 Rb2 36. Rd3 Rb1 37. Ng3 Rb2 38. Ne2 Rb1 39. Ng3 Rb2 40. Ne2 1/2-1/2

[Event "4NCL 2011-12"]
[Site "Staverton Park ENG"]
[Date "2011.11.12"]
[Round "1.14.4"]
[White "Duncan, Chris R"]
[Black "Buckley, David E"]
[Result "0-1"]
[WhiteTitle "FM"]
[WhiteElo "2315"]
[BlackElo "2245"]
[WhiteTeam "Blackthorne Russia"]
[BlackTeam "Bristol"]
[WhiteFideId "403091"]
[BlackFideId "407437"]
[EventDate "2011.11.12"]

1. Nf3 Nf6 2. c4 c5 3. Nc3 Nc6 4. d4 cxd4 5. Nxd4 e6 6. g3 Qb6 7. Ndb5 Ne5 8.
Bf4 Nfg4 9. e3 a6 10. h3 axb5 11. hxg4 Nxc4 12. Qc2 d5 13. Bg2 g6 14. O-O Bg7
15. Bxd5 O-O 16. Bxc4 bxc4 17. e4 Bd7 18. Rad1 Bc6 19. Rd2 Qa5 20. Kh2 f5 21.
Bd6 Rf7 22. exf5 exf5 23. g5 h6 24. gxh6 Bxh6 25. f4 Rh7 26. Kg1 Qb6+ 27. Rff2
Bf8 28. Kf1 Bxd6 29. Rxd6 Rh1+ 30. Ke2 Re8+ 0-1

[Event "4NCL 2011-12"]
[Site "Staverton Park ENG"]
[Date "2011.11.12"]
[Round "1.14.5"]
[White "Stewart, Joseph J"]
[Black "Eames, Robert S"]
[Result "1-0"]
[BlackTitle "FM"]
[WhiteElo "2101"]
[BlackElo "2241"]
[WhiteTeam "Bristol"]
[BlackTeam "Blackthorne Russia"]
[WhiteFideId "412333"]
[BlackFideId "408743"]
[EventDate "2011.11.12"]

1. e4 c5 2. Nf3 d6 3. d4 cxd4 4. Nxd4 Nf6 5. Nc3 a6 6. a4 g6 7. Be2 Bg7 8. Be3
O-O 9. Qd2 Nc6 10. f3 d5 11. exd5 Nxd5 12. Nxd5 Qxd5 13. c4 Qd7 14. Nxc6 Qxc6
15. O-O Be6 16. Qb4 Rfe8 17. a5 Rac8 18. Rac1 h5 19. Rfd1 h4 20. f4 Qe4 21. Kf2
h3 22. Bf3 Rxc4 23. Qxb7 Qxb7 24. Bxb7 Rb8 25. Rxc4 Bxc4 26. Rd7 hxg2 27. Ba7
Re8 28. Rc7 Bf1 29. Bxg2 Bxg2 30. Kxg2 e5 31. fxe5 Rxe5 32. Rc8+ Kh7 33. b4 Re2+
34. Kh1 Be5 35. Bg1 Rb2 36. Rc6 f5 37. Rxa6 f4 38. Re6 Bc3 39. a6 Rb1 40. Kg2
f3+ 41. Kxf3 Rxg1 42. b5 Ra1 43. Ke4 Be1 44. Kd5 Bf2 45. Kc6 Ra5 46. Re2 Bd4 47.
Re4 Bg1 48. Rb4 g5 49. h4 Kh6 50. hxg5+ Kxg5 51. Kb7 Ra1 52. b6 Rf1 53. a7 Rf7+
54. Ka6 Rf8 55. Rc4 Be3 56. Rc6 1-0

[Event "4NCL 2011-12"]
[Site "Staverton Park ENG"]
[Date "2011.11.12"]
[Round "1.14.7"]
[White "Collier, David O"]
[Black "Ledger, Stephen C"]
[Result "0-1"]
[WhiteElo "2138"]
[BlackElo "2107"]
[WhiteTeam "Bristol"]
[BlackTeam "Blackthorne Russia"]
[WhiteFideId "406422"]
[BlackFideId "404470"]
[EventDate "2011.11.12"]

1. d4 Nf6 2. Bg5 Ne4 3. Bf4 c5 4. f3 Qa5+ 5. c3 Nf6 6. Nd2 cxd4 7. Nb3 Qb6 8.
Qxd4 Nc6 9. Qxb6 axb6 10. Nd4 e5 11. Nxc6 exf4 12. Nd4 Nd5 13. e4 fxe3 14. Bc4
Nc7 15. Ke2 Bc5 16. Kxe3 b5 17. Bb3 b4 18. cxb4 Bxb4 19. Nge2 d6 20. a3 Bc5 21.
Kd2 O-O 22. Bc4 Bd7 23. Nb3 b5 24. Bd3 Rfe8 25. Nxc5 dxc5 26. Nc3 Rad8 27. Rad1
c4 28. Bf1 b4 29. axb4 Ba4+ 0-1

[Event "4NCL 2011-12"]
[Site "Staverton Park ENG"]
[Date "2011.11.12"]
[Round "1.14.8"]
[White "Oliver, Shannon"]
[Black "Roberts, Lynda"]
[Result "1/2-1/2"]
[WhiteTitle "WFM"]
[WhiteElo "1941"]
[BlackElo "1960"]
[WhiteTeam "Blackthorne Russia"]
[BlackTeam "Bristol"]
[WhiteFideId "3204413"]
[BlackFideId "1800191"]
[EventDate "2011.11.12"]

1. e4 c5 2. c3 g6 3. d4 cxd4 4. cxd4 d5 5. exd5 Nf6 6. Nf3 Nxd5 7. Nc3 Nxc3 8.
bxc3 Bg7 9. Be3 Nc6 10. Rc1 Qa5 11. Bc4 e6 12. O-O b5 13. Bb3 O-O 14. Qd2 Rd8
15. Bh6 Bh8 16. Bg5 Rd7 17. Qf4 Rb7 18. Bf6 Bxf6 19. Qxf6 Qd8 20. Qf4 Na5 21.
Bc2 Rc7 22. Be4 Bb7 23. Bxb7 Rxb7 24. Qh4 Qf8 25. Qh3 Nc4 26. Rfe1 Rc7 1/2-1/2

[Event "4NCL 2011-12"]
[Site "Staverton Park ENG"]
[Date "2011.11.12"]
[Round "1.15.1"]
[White "Williams, Simon K"]
[Black "Jones, Gawain C B"]
[Result "0-1"]
[WhiteTitle "GM"]
[BlackTitle "GM"]
[WhiteElo "2513"]
[BlackElo "2635"]
[WhiteTeam "Jutes of Kent"]
[BlackTeam "White Rose"]
[WhiteFideId "404454"]
[BlackFideId "409561"]
[EventDate "2011.11.12"]

1. e4 c6 2. Bc4 d5 3. Bb3 dxe4 4. Qh5 g6 5. Qh4 Bg7 6. Nc3 a5 7. Nxe4 a4 8. Bc4
b5 9. Be2 Nh6 10. g4 a3 11. Rb1 Qd5 12. Nc3 Qxh1 13. Kf1 Be5 14. Bf3 Qxh2 15.
Nh3 Nxg4 16. Bxg4 Bf6 0-1

[Event "4NCL 2011-12"]
[Site "Staverton Park ENG"]
[Date "2011.11.12"]
[Round "1.15.3"]
[White "Thorfinnsson, Bragi"]
[Black "Palliser, Richard J D"]
[Result "1/2-1/2"]
[WhiteTitle "IM"]
[BlackTitle "IM"]
[WhiteElo "2421"]
[BlackElo "2447"]
[WhiteTeam "Jutes of Kent"]
[BlackTeam "White Rose"]
[WhiteFideId "2300958"]
[BlackFideId "407372"]
[EventDate "2011.11.12"]

1. d4 Nf6 2. c4 e6 3. Nf3 c5 4. d5 d6 5. Nc3 exd5 6. cxd5 g6 7. Bf4 a6 8. a4 Bg7
9. h3 O-O 10. e3 Nh5 11. Bh2 f5 12. Be2 f4 13. O-O fxe3 14. fxe3 Qe7 15. Kh1
Qxe3 16. Bxd6 Nd7 17. Qd3 Qh6 18. Rad1 g5 19. Bxf8 Ng3+ 20. Kg1 Nxf8 21. d6 g4
22. hxg4 Bxg4 23. Qd2 Qxd2 24. Rxd2 Nxf1 25. Kxf1 Rd8 26. a5 Bh6 27. Rd1 Be6 28.
Nd5 Kg7 29. Nb6 Bf4 30. Nc4 Bxc4 31. Bxc4 Bxd6 32. Rd2 Bc7 1/2-1/2

[Event "4NCL 2011-12"]
[Site "Staverton Park ENG"]
[Date "2011.11.12"]
[Round "1.15.5"]
[White "Stebbings, Anthony J"]
[Black "Croad, Nicolas"]
[Result "1/2-1/2"]
[BlackTitle "FM"]
[WhiteElo "2241"]
[BlackElo "2292"]
[WhiteTeam "Jutes of Kent"]
[BlackTeam "White Rose"]
[WhiteFideId "402427"]
[BlackFideId "4300793"]
[EventDate "2011.11.12"]

1. e4 c5 2. Nf3 Nc6 3. d4 cxd4 4. Nxd4 g6 5. c4 Nf6 6. Nc3 Nxd4 7. Qxd4 d6 8.
Bg5 Bg7 9. Qd2 O-O 10. Bd3 Be6 11. Rc1 Qa5 12. Nd5 Qxd2+ 13. Kxd2 Bxd5 14. cxd5
Rfc8 15. f3 Kf8 16. Be3 a6 17. Rxc8+ Rxc8 18. Rc1 Rxc1 19. Kxc1 Nd7 20. b4 Bc3
21. a3 Ke8 22. Kc2 Bf6 23. f4 Kd8 24. a4 Kc7 25. Kb3 Bg7 26. g4 h6 27. h4 Nf6
28. g5 hxg5 29. hxg5 Nd7 30. a5 Ba1 31. Be2 Bg7 32. Kc4 Bb2 33. Kb3 Bg7 34. Kc4
Bb2 35. Bg4 Kd8 36. Kb3 Ba1 37. Kc4 Bb2 38. b5 axb5+ 39. Kxb5 Kc7 40. Bh3 Bc3
41. f5 Nc5 42. fxg6 1/2-1/2

[Event "4NCL 2011-12"]
[Site "Staverton Park ENG"]
[Date "2011.11.12"]
[Round "1.15.8"]
[White "Messam-Sparks, Lateefah"]
[Black "Summerscale, Claire E"]
[Result "1/2-1/2"]
[WhiteElo "1962"]
[BlackElo "1981"]
[WhiteTeam "White Rose"]
[BlackTeam "Jutes of Kent"]
[WhiteFideId "470813"]
[BlackFideId "410926"]
[EventDate "2011.11.12"]

1. d4 d5 2. c4 e6 3. Nc3 Nf6 4. Nf3 c5 5. cxd5 exd5 6. Bg5 Be7 7. dxc5 Qa5 8.
Qd2 Nbd7 9. e3 a6 10. Nd4 Nxc5 11. Rc1 O-O 12. Be2 Rd8 13. O-O Ne6 14. Bh4 Ne4
15. Nxe4 Qxd2 16. Nxd2 Nxd4 17. exd4 Bxh4 18. Nf3 Be7 19. Ne5 Bd6 20. Nd3 Be6
21. Nc5 Rab8 22. Rfe1 Bxc5 23. Rxc5 Rbc8 24. Rec1 Rxc5 25. Rxc5 Rc8 26. Rxc8+
Bxc8 27. Bf3 Be6 28. Kf1 1/2-1/2

[Event "4NCL 2011-12"]
[Site "Staverton Park ENG"]
[Date "2011.11.12"]
[Round "1.16.2"]
[White "Eckersley-Waites, Tom"]
[Black "Greet, Andrew N"]
[Result "1-0"]
[BlackTitle "IM"]
[WhiteElo "2276"]
[BlackElo "2449"]
[WhiteTeam "Oxford"]
[BlackTeam "Wood Green Hilsmark 2"]
[WhiteFideId "412449"]
[BlackFideId "405817"]
[EventDate "2011.11.12"]

1. e4 d6 2. Nf3 Nf6 3. Nc3 e5 4. d4 Nbd7 5. g3 Be7 6. Bg2 c6 7. O-O b5 8. a4 b4
9. Na2 Rb8 10. c3 bxc3 11. Nxc3 O-O 12. Qc2 exd4 13. Nxd4 Ne5 14. f4 Qb6 15. Ne2
Ne8 16. a5 Qc5 17. fxe5 dxe5 18. b4 Rxb4 19. Ba3 exd4 20. Qxc5 Bxc5 21. Rfc1 Be7
22. Bxb4 Bxb4 23. Nxd4 Bd2 24. Rd1 Bc3 25. Ra4 Bg4 26. Rd3 Bxd4+ 27. Raxd4 Nc7
28. Rd2 Be6 29. Rd6 Na6 30. Rxc6 Nb4 31. Rc7 g5 32. Rd4 Rb8 33. e5 Na6 34. Rxa7
Rb1+ 35. Kf2 Rb2+ 36. Kf1 Nc5 37. Bd5 Bxd5 38. Rxd5 Ne4 39. Rd8+ Kg7 40. e6 1-0

[Event "4NCL 2011-12"]
[Site "Staverton Park ENG"]
[Date "2011.11.12"]
[Round "1.16.3"]
[White "Trent, Lawrence"]
[Black "Rose, Matthew"]
[Result "1/2-1/2"]
[WhiteTitle "IM"]
[WhiteElo "2433"]
[BlackElo "2282"]
[WhiteTeam "Wood Green Hilsmark 2"]
[BlackTeam "Oxford"]
[WhiteFideId "408638"]
[BlackFideId "407941"]
[EventDate "2011.11.12"]

1. d4 Nf6 2. Bg5 d5 3. e3 c5 4. c3 Nc6 5. Nf3 Qb6 6. Qb3 c4 7. Qc2 Ne4 8. Nbd2
h6 9. Bf4 Bf5 10. Nxe4 Bxe4 11. Qc1 e6 12. Nd2 Bh7 13. Be2 Be7 14. O-O O-O 15.
e4 Qd8 16. Re1 b5 17. Bf3 Rc8 18. exd5 exd5 19. Nf1 Kh8 20. h3 Bd6 21. Ng3 g5
22. Bxd6 Qxd6 23. Qd2 Rce8 24. Rxe8 Rxe8 25. Re1 Re7 26. Nf1 Rxe1 27. Qxe1 Ne7
28. Nh2 Kg7 29. Ng4 h5 30. Ne3 Bg6 31. Qe2 h4 32. Bh5 Bxh5 33. Qxh5 Qg6 34. Qg4
f5 35. Qe2 Kf7 36. Qf3 Ke6 37. a3 Kd6 38. Nf1 Kc6 39. Qe3 Qf6 40. Nd2 g4 41. Qf4
gxh3 42. gxh3 Qg6+ 43. Kf1 Qh5 44. Nf3 Ng6 45. Qe3 Kd6 46. Ng5 Kc7 47. Ne6+ Kb6
48. Nc5 Ka5 49. Qe8 Qg5 50. Qe3 Nf4 51. Qf3 Kb6 52. Nd7+ Kc7 53. Ne5 Kb6 54. Nf7
Qf6 55. Qxf4 Qxf7 56. Qxh4 f4 57. Qd8+ Ka6 58. Qc8+ Ka5 59. Qc5 f3 60. a4 a6 61.
Qb4+ Kb6 62. Qc5+ Ka5 63. Qb4+ Kb6 64. a5+ Kb7 65. Qd6 Qf5 66. Qb6+ Kc8 67.
Qxa6+ Kc7 68. Qb6+ Kc8 69. Qc6+ Kd8 70. Qd6+ Kc8 71. Kg1 b4 72. a6 bxc3 73. bxc3
Qb1+ 74. Kh2 1/2-1/2

[Event "4NCL 2011-12"]
[Site "Staverton Park ENG"]
[Date "2011.11.12"]
[Round "1.16.4"]
[White "Savage, Ben D M"]
[Black "Sowray, Peter J"]
[Result "0-1"]
[WhiteTitle "FM"]
[BlackTitle "FM"]
[WhiteElo "2262"]
[BlackElo "2353"]
[WhiteTeam "Oxford"]
[BlackTeam "Wood Green Hilsmark 2"]
[WhiteFideId "405914"]
[BlackFideId "400971"]
[EventDate "2011.11.12"]

1. d4 Nf6 2. c4 e6 3. Nc3 Bb4 4. Qc2 d5 5. a3 Bxc3+ 6. Qxc3 Ne4 7. Qc2 c5 8.
dxc5 Nc6 9. Nf3 Qa5+ 10. Bd2 Nxd2 11. Qxd2 dxc4 12. Qxa5 Nxa5 13. Rc1 b5 14.
cxb6 axb6 15. e3 Ba6 16. Be2 Ke7 17. O-O Rhd8 18. Rc3 f6 19. Rfc1 b5 20. Kf1 e5
21. R1c2 Nb3 22. Ke1 Bb7 23. Nd2 Nxd2 24. Rxd2 Rxd2 25. Kxd2 Bxg2 26. b3 Rxa3
27. bxc4 Rxc3 28. Kxc3 bxc4 29. Bxc4 g5 30. Bd3 h6 31. Bf5 Kd6 32. Kd3 Bf1+ 33.
Ke4 Be2 34. Bh3 g4 35. Kf5 gxh3 36. Kxf6 e4 37. Kf5 Bf3 0-1

[Event "4NCL 2011-12"]
[Site "Staverton Park ENG"]
[Date "2011.11.12"]
[Round "1.16.5"]
[White "Pein, Malcolm"]
[Black "Dickinson, Tim R"]
[Result "1-0"]
[WhiteTitle "IM"]
[WhiteElo "2382"]
[BlackElo "2152"]
[WhiteTeam "Wood Green Hilsmark 2"]
[BlackTeam "Oxford"]
[WhiteFideId "400289"]
[BlackFideId "405728"]
[EventDate "2011.11.12"]

1. d4 e6 2. e4 d5 3. Nc3 Nf6 4. Bg5 Be7 5. e5 Nfd7 6. Bxe7 Qxe7 7. f4 a6 8. Nf3
c5 9. dxc5 Nxc5 10. Qd2 Nc6 11. h4 b5 12. a3 O-O 13. Bd3 Bb7 14. O-O f6 15. exf6
Qxf6 16. Rae1 Nxd3 17. Qxd3 h6 18. g3 Rad8 19. b4 Qf5 20. Qxf5 exf5 21. Ne2 Rde8
22. Nc1 Re4 23. Nd3 Rfe8 24. Nc5 Rxe1 25. Rxe1 Rxe1+ 26. Nxe1 Bc8 27. Nf3 Kf8
28. Kf2 Ke7 29. Ke3 Kd6 30. Nd4 Ne7 31. Ne2 Ng8 32. Nc3 Ne7 33. Kd3 Nc6 34. Ne2
Ne7 35. Kd4 Nc6+ 36. Kd3 Ne7 37. Nb3 Nc6 38. Ned4 Nd8 39. Nc5 Nf7 40. Nf3 h5 41.
Kd4 Nh6 42. a4 bxa4 43. Nxa4 Bd7 44. Nb6 Be6 45. Ng5 Bg8 46. Na4 Ng4 47. Nc5 Nh2
48. Nxa6 Nf1 49. Nc5 Nxg3 50. Nd3 Ne2+ 51. Ke3 Nc3 52. Nf3 Be6 53. Nc5 Bc8 54.
Nd4 Ne4 55. Nb5+ Ke7 56. Kd4 Nd2 57. Kxd5 Nf3 58. Nd6 Bd7 59. b5 Bxb5 60. Nxb5
Nxh4 61. Nd3 Nf3 62. Nd4 Nd2 63. Nxf5+ Kf6 64. Ng3 1-0

[Event "4NCL 2011-12"]
[Site "Staverton Park ENG"]
[Date "2011.11.12"]
[Round "1.16.6"]
[White "Coleman, James"]
[Black "Briscoe, Chris"]
[Result "1/2-1/2"]
[BlackTitle "CM"]
[WhiteElo "2142"]
[BlackElo "2220"]
[WhiteTeam "Oxford"]
[BlackTeam "Wood Green Hilsmark 2"]
[WhiteFideId "407216"]
[BlackFideId "408360"]
[EventDate "2011.11.12"]

1. c4 Nf6 2. g3 e6 3. Bg2 d5 4. d4 Be7 5. Nf3 O-O 6. O-O dxc4 7. Ne5 Nc6 8. Bxc6
bxc6 9. Nxc6 Qe8 10. Nxe7+ Qxe7 11. Qa4 e5 12. dxe5 Qxe5 13. Qxc4 Be6 14. Qc2
Nd5 15. Nc3 Nxc3 16. bxc3 Bf5 17. Qd2 Rfe8 18. Qf4 Qxc3 19. Be3 Qe5 20. Qxe5
Rxe5 1/2-1/2

[Event "4NCL 2011-12"]
[Site "Staverton Park ENG"]
[Date "2011.11.12"]
[Round "1.17.1"]
[White "Mah, Karl C C"]
[Black "Turner, Matthew J"]
[Result "1/2-1/2"]
[WhiteTitle "IM"]
[BlackTitle "GM"]
[WhiteElo "2419"]
[BlackElo "2516"]
[WhiteTeam "Cambridge University"]
[BlackTeam "Barbican 4NCL 1"]
[WhiteFideId "404381"]
[BlackFideId "402893"]
[EventDate "2011.11.12"]

1. d4 Nf6 2. c4 e6 3. g3 d5 4. Nf3 Be7 5. Bg2 O-O 6. O-O dxc4 7. Qc2 a6 8. a4
Bd7 9. Qxc4 Bc6 10. Nc3 a5 11. Bf4 Na6 12. Rac1 Bxf3 13. Bxf3 c6 14. e4 Nd7 15.
Rfd1 Bg5 16. Bxg5 Qxg5 17. Bg2 Nb6 18. Qb3 Nb4 19. Na2 1/2-1/2

[Event "4NCL 2011-12"]
[Site "Staverton Park ENG"]
[Date "2011.11.12"]
[Round "1.17.2"]
[White "Cox, John J"]
[Black "Pinter, Gabor"]
[Result "0-1"]
[WhiteTitle "IM"]
[BlackTitle "IM"]
[WhiteElo "2423"]
[BlackElo "2360"]
[WhiteTeam "Barbican 4NCL 1"]
[BlackTeam "Cambridge University"]
[WhiteFideId "401064"]
[BlackFideId "717371"]
[EventDate "2011.11.12"]

1. c4 c6 2. g3 d5 3. Nf3 Nf6 4. Bg2 dxc4 5. O-O Nbd7 6. Na3 Nb6 7. Qc2 Qd5 8.
Ne1 Qf5 9. e4 Qh5 10. Nxc4 Bh3 11. Nf3 Bxg2 12. Kxg2 e6 13. Nxb6 axb6 14. d4 Be7
15. Bf4 O-O 16. Rfe1 Rfe8 17. a3 Rac8 18. Qb3 Nd7 19. Rad1 Bf8 20. e5 h6 21. a4
Ra8 22. Qc4 Ra5 23. b3 b5 24. Qc2 bxa4 25. bxa4 Rea8 26. Rb1 R8a7 27. Bd2 Rd5
28. Rb3 Qg6 29. Qxg6 fxg6 30. a5 Nb8 31. Reb1 Rd7 32. Be3 c5 33. dxc5 Nc6 34.
Rb6 Nxa5 35. Rxe6 Nc4 36. c6 Nxe3+ 37. fxe3 bxc6 38. Rb8 Rf7 39. Nh4 Kh7 40.
Ree8 g5 41. e6 Rf6 42. Rxf8 Rxf8 43. Rxf8 gxh4 44. Rf7 Ra5 45. Rc7 Re5 46. Rxc6
Kg6 47. Kf3 hxg3 48. hxg3 0-1

[Event "4NCL 2011-12"]
[Site "Staverton Park ENG"]
[Date "2011.11.12"]
[Round "1.17.3"]
[White "Moskovic, David M"]
[Black "Ferguson, Mark"]
[Result "1/2-1/2"]
[WhiteTitle "FM"]
[BlackTitle "IM"]
[WhiteElo "2324"]
[BlackElo "2374"]
[WhiteTeam "Cambridge University"]
[BlackTeam "Barbican 4NCL 1"]
[WhiteFideId "404535"]
[BlackFideId "403547"]
[EventDate "2011.11.12"]

1. d4 d5 2. c4 c6 3. Nf3 Nf6 4. e3 a6 5. Bd3 Bg4 6. b3 e6 7. O-O Nbd7 8. Bb2 Bd6
9. Nbd2 O-O 10. Qc2 Qb8 11. h3 Bh5 12. Ng5 Bg6 13. Bxg6 hxg6 14. e4 Bf4 15. Ndf3
dxe4 16. Nxe4 Nxe4 17. Qxe4 Nf6 18. Qe2 Rd8 19. Rfd1 Qc7 20. g3 Bd6 21. Rd3 b5
22. Rad1 bxc4 23. bxc4 c5 24. dxc5 Bxc5 25. Rxd8+ Rxd8 26. Rxd8+ Qxd8 27. Qe5
Bf8 28. h4 Qd3 29. Qc3 Qb1+ 30. Qc1 Qe4 31. Nd2 Qe2 32. Bc3 Qd3 33. Bxf6 gxf6
34. Nb3 Qf3 35. c5 Qc6 36. Qc4 f5 37. a4 f4 38. Qxf4 Bxc5 39. Nxc5 Qxc5 40. Qb8+
Kg7 41. Qb7 1/2-1/2

[Event "4NCL 2011-12"]
[Site "Staverton Park ENG"]
[Date "2011.11.12"]
[Round "1.17.6"]
[White "Knott, Simon J B"]
[Black "Karayiannis, Costas"]
[Result "1-0"]
[WhiteTitle "IM"]
[WhiteElo "2332"]
[BlackElo "2162"]
[WhiteTeam "Barbican 4NCL 1"]
[BlackTeam "Cambridge University"]
[WhiteFideId "400645"]
[BlackFideId "405183"]
[EventDate "2011.11.12"]

1. Nf3 Nf6 2. c4 g6 3. Nc3 Bg7 4. e4 d6 5. d4 O-O 6. Be2 e5 7. O-O Nc6 8. d5 Ne7
9. Ne1 Nd7 10. Nd3 f5 11. Bd2 fxe4 12. Nxe4 Nf6 13. Nxf6+ Bxf6 14. Bc3 Nf5 15.
Bf3 Bd7 16. Re1 b6 17. b4 a6 18. a4 Bg7 19. g3 Rb8 20. Ra2 Qc8 21. Bg2 c6 22.
Ba1 Nd4 23. Bxd4 exd4 24. Nf4 c5 25. b5 axb5 26. axb5 Ra8 27. Rxa8 Qxa8 28. Ne6
Bxe6 29. dxe6 Qa7 30. Bd5 Qe7 31. Qd3 Rb8 32. Kg2 Bf6 33. h4 Kg7 34. Re4 Rc8 35.
Rg4 Kh8 36. Rf4 Rf8 37. Re4 Rc8 38. Re1 Rc7 39. Rh1 Ra7 40. h5 g5 41. h6 Qf8 42.
Qf5 Ra2 43. Be4 Qe7 44. Rd1 Ra3 45. Rd2 g4 46. Rd1 Bg5 47. Rh1 Ra2 48. Qf7 Ra7
49. Rh5 Qxf7 50. exf7 Bc1 51. Rg5 1-0

[Event "4NCL 2011-12"]
[Site "Staverton Park ENG"]
[Date "2011.11.12"]
[Round "1.17.8"]
[White "Lauterbach, Ingrid"]
[Black "Chevannes, Sabrina L"]
[Result "0-1"]
[WhiteTitle "WIM"]
[BlackTitle "WFM"]
[WhiteElo "2075"]
[BlackElo "2067"]
[WhiteTeam "Barbican 4NCL 1"]
[BlackTeam "Cambridge University"]
[WhiteFideId "405221"]
[BlackFideId "411280"]
[EventDate "2011.11.12"]

1. e4 c6 2. d4 d5 3. Nd2 g6 4. g3 Bg7 5. c3 Nh6 6. Bg2 O-O 7. Ne2 Na6 8. O-O Nc7
9. h3 dxe4 10. Nxe4 Nf5 11. Qb3 Ne6 12. Nf4 Qb6 13. Qc2 Rd8 14. Re1 Nd6 15. Nxe6
Bxe6 16. Nc5 Bf5 17. Qe2 e5 18. dxe5 Qxc5 19. exd6 Qxd6 20. Bf4 Qe6 21. Qf3 Qc8
22. g4 Be6 23. Qe3 Rd7 24. Bf1 Qd8 25. Bg5 Qa5 26. a3 Qb6 27. Qxb6 axb6 28. Rad1
Rd5 29. Rxd5 Bxd5 30. Re7 c5 31. Bb5 h6 32. Bf4 h5 33. Bc7 hxg4 34. hxg4 Bh6 35.
Bxb6 Bc1 36. Re2 Kg7 37. Bxc5 Bf3 38. Bd4+ Kh7 39. Rc2 Bf4 40. Be2 Be4 41. Bd1
Bxc2 42. Bxc2 Bc1 43. c4 Rd8 44. Bc3 Bxb2 45. Bxb2 Rd2 46. Bxg6+ Kxg6 47. Be5
Rc2 48. Kg2 Rxc4 49. f3 Kg5 50. Kg3 f6 51. Bd6 Kg6 52. Bf8 f5 53. gxf5+ Kxf5 54.
Bd6 Rc6 55. Bb4 Rc2 56. Bf8 Rc8 57. Bb4 Rg8+ 58. Kf2 Kf4 59. Bd6+ Kf5 60. Bb4
Rg6 0-1

[Event "4NCL 2011-12"]
[Site "Staverton Park ENG"]
[Date "2011.11.12"]
[Round "1.18.1"]
[White "Gormally, Daniel W"]
[Black "Thompson, Ian D"]
[Result "1-0"]
[WhiteTitle "GM"]
[BlackTitle "FM"]
[WhiteElo "2520"]
[BlackElo "2281"]
[WhiteTeam "Cheddleton"]
[BlackTeam "Guildford 2"]
[WhiteFideId "406465"]
[BlackFideId "405205"]
[EventDate "2011.11.12"]

1. Nf3 d5 2. d4 Nf6 3. c4 c6 4. Nc3 e6 5. Bg5 h6 6. Bh4 dxc4 7. e4 g5 8. Bg3 b5
9. e5 Nd5 10. Nd2 Bb7 11. h4 Nxc3 12. bxc3 c5 13. Qb1 Qa5 14. Bxc4 Bc6 15. d5
exd5 16. Be2 Bg7 17. Qc2 Nd7 18. e6 Nf6 19. hxg5 hxg5 20. Rxh8+ Bxh8 21. Qf5 Ke7
22. Be5 fxe6 23. Qxg5 Rf8 24. Qg3 Qd8 25. O-O-O Kd7 26. Rh1 Kc8 27. Qg5 Qa5 28.
Rxh8 Rxh8 29. Qxf6 Rh1+ 30. Kb2 d4 31. Qxe6+ Bd7 32. Qg8+ Qd8 33. Qd5 dxc3+ 34.
Bxc3 Qc7 35. Bf3 Re1 36. Qf5 Qb8 37. Qf8+ Kc7 38. Ba5+ 1-0

[Event "4NCL 2011-12"]
[Site "Staverton Park ENG"]
[Date "2011.11.12"]
[Round "1.18.2"]
[White "Osborne, Marcus E"]
[Black "Hebden, Mark L"]
[Result "0-1"]
[BlackTitle "GM"]
[WhiteElo "2246"]
[BlackElo "2515"]
[WhiteTeam "Guildford 2"]
[BlackTeam "Cheddleton"]
[WhiteFideId "404608"]
[BlackFideId "400084"]
[EventDate "2011.11.12"]

1. d4 Nf6 2. c4 g6 3. Nc3 Bg7 4. e4 d6 5. f3 O-O 6. Bg5 a6 7. Nge2 Nbd7 8. d5
Ne5 9. Nd4 c5 10. Nc2 h6 11. Be3 e6 12. a4 exd5 13. cxd5 Bd7 14. Qd2 b5 15. axb5
axb5 16. Rxa8 Qxa8 17. Bxh6 Bxh6 18. Qxh6 b4 19. Nd1 Re8 20. Be2 Ba4 21. Nce3
Bxd1 22. Nxd1 Qa2 23. h4 Qb1 24. O-O Qc2 25. Qe3 c4 26. h5 Ned7 27. hxg6 fxg6
28. Rf2 Ra8 29. Qg5 Ra1 30. Qxg6+ Kf8 31. Qh6+ Kf7 32. g4 Rxd1+ 33. Bxd1 Qxd1+
34. Kg2 c3 35. bxc3 bxc3 36. g5 c2 37. gxf6 Nxf6 38. Rf1 Qe2+ 39. Kg1 Qd3 40.
Qc1 Nd7 41. Kg2 Ne5 42. Qf4+ Ke7 43. Qg5+ Kd7 44. Qf4 Qe2+ 45. Kg1 Kc7 46. Qg5
Kc8 47. Qc1 Nd3 48. Qg5 Ne5 49. Qc1 Kd7 50. Qa3 Ke8 51. Qc3 Kd8 52. Qa5+ Ke8 53.
Qc3 Nc4 54. Re1 Qd1 55. Kf2 Ne5 56. Qc8+ Kf7 57. Qf5+ Kg7 58. Qg5+ Kf7 59. Qf5+
Kg7 60. Qg5+ Kf7 0-1

[Event "4NCL 2011-12"]
[Site "Staverton Park ENG"]
[Date "2011.11.12"]
[Round "1.18.3"]
[White "Hawkins, Jonathan"]
[Black "Sarakauskiene, Zivile"]
[Result "1-0"]
[WhiteTitle "IM"]
[BlackTitle "WIM"]
[WhiteElo "2480"]
[BlackElo "2191"]
[WhiteTeam "Cheddleton"]
[BlackTeam "Guildford 2"]
[WhiteFideId "412686"]
[BlackFideId "12800864"]
[EventDate "2011.11.12"]

1. d4 d5 2. c4 dxc4 3. Nf3 Nf6 4. e3 e6 5. Bxc4 c5 6. O-O Nc6 7. Nc3 a6 8. Bb3
Be7 9. dxc5 Qxd1 10. Rxd1 Bxc5 11. Bd2 Bd7 12. Rac1 Ba7 13. Be1 Ke7 14. Na4 Ne4
15. Bc2 Nd6 16. Bb1 Rac8 17. Nc5 Be8 18. Ng5 Bxc5 19. Rxc5 f5 20. f3 h6 21. Bh4
hxg5 22. Bxg5+ Kd7 23. Bf4 Kc7 24. Rxd6 Kb6 25. Rc3 Bf7 26. Rd7 e5 27. Rxf7 exf4
28. Rb3+ 1-0